000
00228 a2200097 4500
001
30392
100
_a
MAN, Burns Mantle
245
_a
The best plays of 1945-1946
260
_a
Newyork
_b
dodd Mead & Co
_c
090
_c
20344
_d
20344
942
_a
NUST-CAE
_c
M
_c
11497
999
_c
265465
_d
265465